| 000 | 00673nam a2200265Ia 4500 | ||
|---|---|---|---|
| 008 | 160620s9999||||xx |||||||||||||| ||und|| | ||
| 040 | _cMarathi | ||
| 082 | _aXV.E/Saibaba | ||
| 082 | _bBORI-90854 | ||
| 100 | _aRadhika K. Devdhar | ||
| 245 | _aVasantik Amrut Varshav Vrundavan 1972 | ||
| 300 | _a279 | ||
| 300 | _cB | ||
| 300 | _ePaperback | ||
| 530 | _bBarve | ||
| 530 | _u00090548.pdf | ||
| 563 | _aRef | ||
| 600 | _aRadhika K. Devdhar | ||
| 630 | _aVasantik Amrut Varshav Vrundavan 1972 | ||
| 650 | _aCollected Works | ||
| 650 | _areference | ||
| 700 | _aRadhika K. Devdhar | ||
| 730 | _aVasantik Amrut Varshav Vrundavan 1972 | ||
| 942 | _cBOOK | ||
| 999 |
_c1392607 _d1392604 |
||